| 000 | 00427cam a22001337a 4500 | ||
|---|---|---|---|
| 008 | 180718b2001 xxu||||| |||| 00| 0 eng d | ||
| 082 | _aPROJ.REP. 2001/TIW | ||
| 100 | _aTiwari, R.K. | ||
| 245 |
_aTraining of elected panchayat raj representatives _cby R.K. Tiwari |
||
| 260 |
_aNew Delhi _bIndian Institute of Public Administration _c2001 |
||
| 300 | _a122+p. | ||
| 440 | _aIIPA Working Paper, 2001: 6 | ||
| 650 | _aPanchyati raj | ||
| 999 |
_c492368 _d492368 |
||